000 00560nam a2200217Ia 4500
005 20250923150024.0
008 008 250917s9999 xx 000 0 eng d
037 _aTextual
040 _aDSWL
_beng
_cDSWL
041 _aeng
_2eng
084 _qDSWL
100 _aPark, K.
_9841390
245 0 _aParks text book of preventive and social medicine
_c by K. Park
250 _a15th
260 _aJabalpur
_b Banarsidas Bhand
_c1997
300 _a635 p.
365 _aINR
_b280.00
925 _g280.00
942 _cTEXL
999 _c1458629
_d1458629